[Event "Irish New Year-IM 2022"]
[Site "Dublin"]
[Date "2022.01.04"]
[Round "5.8"]
[White "Mannion, Stephen R"]
[Black "Urh, Zala"]
[Result "1-0"]
[WhiteElo "2267"]
[BlackElo "2291"]
[Annotator "TA"]
[PlyCount "81"]
[EventDate "2022.01.02"]
[EventType "tourn"]
[EventCountry "IRL"]
[SourceTitle "playchess.com"]
[Source "ChessBase"]
[SourceQuality "1"]

{[%evp 13,81,59,46,63,48,58,61,49,60,48,28,37,43,48,31,37,80,59,96,57,57,69,223,95,247,222,300,177,176,173,162,169,250,256,221,235,405,397,395,276,288,269,413,412,472,465,449,420,423,407,683,470,856,829,946,922,938,904,932,895,954,916,1231,1225,29978,29979,29986,29987,29986,29987]} 1. e4 e5 2. Nf3 Nc6 3. Bb5 a6 4. Ba4 Nf6 5. O-O Nxe4 6. d4 Be7 7. Re1 b5 8. Rxe4 {aiming for Bb3. C84: Closed Ruy Lopez: Unusual White 6th moves.} d5 {[#]} 9. Nxe5 $1 Nxe5 10. Rxe5 {White is slightly better.} bxa4 11. Qe2 Be6 12. f4 (12. Rxe6 fxe6 13. Qxe6 Qd6 $17) 12... g6 {Inhibits f5.} 13. Nc3 a3 14. b3 {[#]} (14. Rxe6 fxe6 15. Qxe6 Qd6 16. Qxd6 Bxd6 17. Nxd5 axb2 18. Bxb2 Rb8 $17) 14... c6 $146 (14... Bb4 $14 {should be considered.} 15. Nxd5 O-O) ({Predecessor:} 14... Bb4 15. Nxd5 O-O 16. Qe4 Bd6 17. Nc3 Bf5 18. Rxf5 gxf5 19. Qxf5 Re8 20. Ne4 Be7 {1-0 (63) Duda,J (2729)-Van Foreest,J (2701) Prague 2021}) 15. Na4 {[%cal Of4f5]} Ra7 16. Nc5 Bxc5 17. dxc5 Qa5 $2 {[#] Black is on the road to losing.} (17... O-O $14) 18. Be3 ({Don't do} 18. Rxe6+ $6 fxe6 19. Qxe6+ Re7 20. Qxc6+ Kd8 21. Qa8+ (21. Qxd5+ Rd7 $14) 21... Kc7 22. Qa7+ Kd8 23. Qb8+ Kd7 24. Qd6+ (24. c6+ $2 Kxc6 25. b4 Rxb8 $19) 24... Ke8 25. Qc6+ Kd8 26. Qd6+ (26. Qxd5+ Rd7 $14) (26. Qa8+ Kc7 $14) 26... Ke8 27. Qc6+ Kd8 $14) (18. Bd2 $1 $18 {has better winning chances.} Qxc5+ 19. Be3) 18... Qb5 $2 (18... Qc7 $16 {was necessary.}) 19. Qe1 $18 {[%cal Of4f5]} Kd7 20. Bd4 (20. f5 $142 gxf5 21. c4 dxc4 22. Qg3 (22. bxc4 Qxc4 23. Rb1 Rg8 $11)) 20... Re8 21. Qh4 h5 22. Rae1 a5 (22... Qa5 {was worth a try.} 23. f5 gxf5) 23. f5 gxf5 24. Qxh5 a4 $2 (24... Kc8 25. Rxf5 Rae7) 25. Rxf5 Re7 26. Rfe5 {Strongly threatening R5e3.} axb3 27. cxb3 Qd3 (27... Qb4 $142) 28. Bf2 Qc3 29. Qh4 Rb7 30. R5e3 {[%cal Be5e3,Be3d3,Bd3d4,Bd4a4][%mdl 32]} Qb4 31. Qg3 Rc7 (31... Kc8 $142 32. Qg8+ Kd7) 32. Rd3 Kc8 (32... Qb8 $142 33. Qd6+ Kc8) 33. Rd4 Qb5 34. Qh4 Re8 35. Ra4 Rce7 36. Rxa3 Rb7 37. Ra4 Rg8 38. Qd4 Bf5 39. Bg3 {White mates.} Kd7 40. Qf6 {[%csl LRf5,LRf7]} Qxc5+ 41. Bf2 {Weighted Error Value: White=0.24 (precise) /Black=0.68} 1-0

[Event "Irish New Year-IM 2022"]
[Site "Dublin"]
[Date "2022.01.04"]
[Round "5.10"]
[White "Carroll, Peter"]
[Black "Melaugh, Shane"]
[Result "1/2-1/2"]
[WhiteElo "2139"]
[BlackElo "2192"]
[Annotator "TA"]
[PlyCount "86"]
[EventDate "2022.01.02"]
[EventType "tourn"]
[EventCountry "IRL"]
[SourceTitle "playchess.com"]
[Source "ChessBase"]
[SourceQuality "1"]

{[%evp 12,86,9,0,31,27,61,48,123,65,65,65,70,0,0,-95,-80,-72,-79,-200,-218,-286,-293,-293,-339,-324,-226,-217,-229,-234,-229,-243,-227,-238,-207,-205,-135,-135,-135,-140,-143,-140,-130,-227,-201,-201,-194,-196,-171,-183,-35,-35,-38,-64,-73,-58,-42,-83,0,0,0,0,0,-7,0,0,0,0,0,0,0,0,0,-28000,-28000,-28000,-28000]} 1. d4 e6 2. e4 d5 3. Nc3 Nf6 4. e5 Nfd7 5. f4 c5 6. Nf3 Nc6 7. Be3 h6 {C11: French: Classical System: 4 e5 and 4 Bg5 dxe4.} 8. Qd2 g5 9. dxc5 {[%cal Rf4g5]} ({Much weaker is} 9. fxg5 cxd4 10. Nxd4 Ndxe5 $11) 9... a6 ({Black should try} 9... gxf4 $14 10. Bxf4 a6) 10. O-O-O {White is more active.} (10. fxg5 $16 hxg5 11. Bxg5) 10... gxf4 $14 11. Bxf4 Nxc5 {[#]} 12. g4 $146 ({White should play} 12. Nd4 $14) ({Predecessor:} 12. Qf2 b5 13. Be3 Nd7 14. Be2 Qa5 15. Rhf1 b4 16. Nb1 Qc7 17. Nbd2 Bb7 18. Nb3 {½-½ (46) Gonzalez de la Torre,S (2423)-Moskalenko,V (2475) Linares 2019}) 12... b5 $1 $11 {[%cal Bb7b5,Bb5b4][%mdl 32]} 13. g5 {[#]} (13. Ne2 $11) 13... b4 $1 $17 14. Ne2 {[%cal Rg5h6]} Ne4 $36 {[%mdl 2048] Black is on the roll.} 15. Qe3 (15. Qe1 $17 {was the only chance.}) 15... Bc5 $19 16. Nfd4 {[%cal Og5g6]} hxg5 17. Bg3 Qb6 18. Bg2 Nxg3 19. hxg3 Rxh1 20. Bxh1 Bb7 21. Kb1 O-O-O 22. Qd2 Nxd4 23. Nxd4 Bxd4 24. Qxd4 Qxd4 25. Rxd4 {[%mdl 4096] Endgame KRB-KRB} Rh8 26. Bf3 Rh2 27. b3 (27. Rxb4 $17 {was necessary.} Rf2 28. Bd1) 27... Rf2 28. Bh5 a5 29. a3 bxa3 30. Ra4 f6 (30... Ba6 $19 {Threatens to win with ...Kb7.} 31. Rxa3 Be2) 31. exf6 $15 Rxf6 {Hoping for ...Rf1+.} 32. Rxa3 Rf1+ 33. Kb2 Rg1 34. Bf7 $1 Rxg3 (34... Kd7 $17 35. Rxa5 Kd6) 35. Bxe6+ $11 Kc7 36. Rxa5 Kd6 37. Bg8 Rg2 38. Kc1 g4 {[#] Strongly threatening ...g3.} 39. c4 dxc4 40. bxc4 Bf3 41. Bd5 Bxd5 $2 {[%mdl 8192]} (41... Rg1+ $11 42. Kd2 Rf1) 42. Rxd5+ Ke6 43. Kd1 g3 {[%mdl 32768] Weighted Error Value: White=0.24 (precise) /Black=0.23 (precise) . An unexpected result.} 1/2-1/2

[Event "Irish New Year-IM 2022"]
[Site "Dublin"]
[Date "2022.01.05"]
[Round "6.6"]
[White "Baker, Chris W"]
[Black "Melaugh, Shane"]
[Result "1-0"]
[WhiteElo "2227"]
[BlackElo "2192"]
[Annotator "TA"]
[PlyCount "115"]
[EventDate "2022.01.02"]
[EventType "tourn"]
[EventCountry "IRL"]
[SourceTitle "playchess.com"]
[Source "ChessBase"]
[SourceQuality "1"]

{[%evp 11,115,58,59,61,74,61,75,59,83,78,82,69,72,70,71,64,88,72,142,147,182,168,168,173,181,156,155,161,176,168,166,187,181,182,181,177,153,106,120,122,122,0,83,76,64,79,65,70,95,68,103,102,103,86,103,103,103,103,103,103,105,106,115,116,124,126,145,127,153,111,146,107,104,101,461,440,490,487,558,557,550,535,489,361,5532,4786,2553,1965,29982,29982,29982,29983,29983,29984,29984,29985,29985,29985,29986,29986,29986,29987,29989,29988,29989,29988]} 1. c4 e5 2. Nc3 Nc6 3. Nf3 d6 4. d4 Be7 5. d5 Nb8 6. e4 Nf6 7. h3 {A41: 1 d4 d6: Tartakower System and Modern Defence.} Nbd7 8. Be3 c6 9. Bd3 {White is better.} Qc7 10. O-O {[#]} Nf8 $146 ({Predecessor:} 10... O-O 11. Nh2 Nc5 12. Bc2 a5 13. f4 exf4 14. Rxf4 Ncd7 15. Qe2 Ne5 16. Raf1 Bd7 {0-1 (40) Mayer,D (1830)-Kueper,E (1980) Dueren 1993}) 11. Rc1 Ng6 12. b4 O-O 13. c5 Rd8 14. Qb3 a6 ({Black should try} 14... a5) 15. Bc4 $16 cxd5 16. Nxd5 Nxd5 17. Bxd5 Rf8 {[%cal Bd8f8,Bf8f7,Bf7e7,Be7e4,Be4b4][%mdl 32]} 18. cxd6 Qxd6 19. Rfd1 Qxb4 {[#]} 20. Bxf7+ {[%mdl 512]} Rxf7 {[#]} 21. Rd8+ $1 {[%mdl 512]} Nf8 {[#] aiming for ...Qxb3.} 22. Qxb4 {Dancing on a razor blade.} (22. Rdxc8 Qxb3 23. axb3 Rxc8 24. Rxc8 Bd6 $16) 22... Bxb4 23. Nxe5 (23. Rcxc8 $6 Rxc8 24. Rxc8 Bd6 $16) 23... Re7 24. Nd3 {White is much more active. Black has bad knights.} (24. f4 $142) 24... Rxe4 {[%cal Og8f7]} 25. Nxb4 (25. Rcxc8 $6 Rxc8 26. Rxc8 Bd6 $11) 25... Rxb4 26. g3 ({Much worse is} 26. Rdxc8 $6 Rxc8 27. Rxc8 Rb1+ 28. Kh2 Kf7 $14) ({Don't take} 26. Rcxc8 Rb1+ 27. Kh2 Rxc8 28. Rxc8 Kf7 $14) (26. Bc5 $16 {[%csl Gc5][%cal Rd8f8]} Rf4 27. Bd6 (27. Be3 Rf6 $14)) 26... b6 27. Rcxc8 Rxc8 28. Rxc8 {[%mdl 4096] Endgame KRB-KRN} Kf7 29. Rc7+ Kg8 30. Ra7 a5 31. Rb7 b5 32. Kg2 Ne6 {To avoid Bc5} 33. Bd2 Rb2 {[%csl LRa2,LRd2]} 34. Bxa5 Rxa2 35. Rxb5 Ra3 36. Bb6 Kf7 37. Be3 Kf6 38. g4 h6 39. Bc1 Rd3 40. Bb2+ (40. h4 $142) 40... Kg6 41. Rb6 Kf7 42. Rb7+ Kg6 $2 {[%mdl 8192] [#] This costs Black the game.} (42... Kf8 $16 {is tougher.}) 43. Be5 $1 $18 Kg5 44. Re7 Nf4+ 45. Bxf4+ Kxf4 {KR-KR} 46. Rf7+ Kg5 47. Rxg7+ Kh4 $2 (47... Kf6) 48. Rg6 h5 49. Rh6 {[%csl Gg4][%cal Rh6h5]} Rd5 50. Rxh5+ {White mates.} Rxh5 51. gxh5 Kxh5 {KP-KP} 52. Kf3 Kg5 53. Ke4 Kf6 54. Kf4 Kg7 55. Kf5 Kf7 56. f4 Kf8 57. Kf6 Kg8 58. Ke7 {Weighted Error Value: White=0.09 (flawless) /Black=0.47} 1-0

[Event "Irish New Year-IM 2022"]
[Site "Dublin"]
[Date "2022.01.05"]
[Round "6.7"]
[White "Daly, Colm"]
[Black "Carroll, Peter"]
[Result "1/2-1/2"]
[WhiteElo "2285"]
[BlackElo "2139"]
[Annotator "TA"]
[PlyCount "103"]
[EventDate "2022.01.02"]
[EventType "tourn"]
[EventCountry "IRL"]
[SourceTitle "playchess.com"]
[Source "ChessBase"]
[SourceQuality "1"]

{[%evp 9,103,-5,1,2,0,3,7,0,6,0,9,-31,-12,-34,-39,-30,-33,-32,-27,-29,-27,-20,-18,-21,20,19,8,7,14,6,11,0,13,0,9,9,50,68,148,148,133,144,141,139,135,140,135,115,130,135,129,138,145,41,36,39,42,49,27,18,20,16,21,19,28,28,34,41,44,41,43,48,60,0,0,0,0,0,0,-27,-27,-27,0,-8,0,0,0,0,0,0,0,0,0,0,0,0]} 1. Nf3 d5 2. e3 c5 3. b3 Nf6 4. Bb2 g6 5. Bb5+ Bd7 6. Bxf6 {A06: Réti Opening: 1 Nf3 d5.} exf6 7. Bxd7+ Qxd7 8. O-O Bg7 9. d4 O-O {[#]} 10. a4 $146 ({Predecessor:} 10. Nc3 f5 11. Qd2 cxd4 12. exd4 Nc6 13. Na4 b6 14. Rfe1 Rfe8 15. Rxe8+ Rxe8 16. c3 {1-0 (87) Cunha,L (2327)-Both,V (1871) Sao Bento do Sul 2016}) 10... cxd4 11. exd4 Na6 12. c3 Nc7 13. Re1 Ne6 14. Ra2 Rfc8 15. g3 b5 16. Qd3 Rab8 (16... a6 $142) 17. axb5 $11 Qxb5 18. Qxb5 Rxb5 19. b4 {[%cal Bb3b4,Bb4a5,Ba5a6][%mdl 32]} a5 $1 20. bxa5 Ra8 21. a6 Rb6 22. Ra5 Nc7 (22... Rd6 $11) 23. Rc5 $1 $36 {[%mdl 2048] White has some pressure.} Ra7 {[#]} (23... Ne8 $14) 24. Re7 $1 $16 Rxb1+ 25. Kg2 Rb6 {[%cal Ob6a6]} 26. Rcxc7 {White is more active.} Rxc7 27. Rxc7 Rxa6 {[%mdl 4096] Endgame [#] KRB-KRN} 28. Ne1 $1 Bf8 {[#]} 29. Nc2 $1 Ba3 30. Kf3 Kf8 31. Ke2 (31. Ne3 $16) 31... Bd6 $14 32. Rb7 Ra5 33. Rd7 Ra6 34. Kd3 Ke8 35. Rb7 {And now Rb5 would win.} Ra5 {To avoid Rb5} 36. Ne3 f5 37. f4 h5 38. h4 Ba3 39. c4 dxc4+ 40. Nxc4 Ra6 41. d5 (41. Ne5 $14) 41... Bc5 $11 42. Rc7 Bf2 43. d6 Bxg3 44. Kd4 Bxf4 45. Kd5 g5 (45... Ra8 $5 {[%cal Re8f8]} 46. Nb6 Rd8 47. Re7+ Kf8 48. Nd7+ Kg8 $11) 46. hxg5 {The position is equal.} h4 47. g6 fxg6 48. Ke6 {[%cal Rc7c8]} Kf8 $1 49. Kf6 {[%cal Rc7c8]} Ke8 50. Ke6 {[%cal Rc7c8]} Kf8 $1 {Threatens to win with ...Kg8.} 51. Kf6 {[%cal Rc7c8]} Ke8 52. Ke6 {White really could win this.  Weighted Error Value: White=0.07 (flawless) /Black=0.06 (flawless)} 1/2-1/2

[Event "Irish New Year-IM 2022"]
[Site "Dublin"]
[Date "2022.01.05"]
[Round "6.9"]
[White "Wafa, Shrook"]
[Black "Mannion, Stephen R"]
[Result "0-1"]
[WhiteElo "2173"]
[BlackElo "2267"]
[Annotator "TA"]
[PlyCount "100"]
[EventDate "2022.01.02"]
[EventType "tourn"]
[EventCountry "IRL"]
[SourceTitle "playchess.com"]
[Source "ChessBase"]
[SourceQuality "1"]

{[%evp 17,100,17,16,9,30,10,36,0,11,0,0,-26,-10,-39,-14,-34,0,-61,-60,-88,0,-14,-6,-50,19,18,43,12,20,0,0,-115,29,29,29,34,54,29,47,-121,-91,-88,-104,-162,-4,-79,-86,-82,-95,-93,-83,-79,-75,-74,-74,-90,-80,-66,-65,-66,-63,-62,-39,-41,-33,-38,-26,-79,-38,-36,-28,-29,-30,-41,-43,-85,-22,-122,-27,-27,-30,-145,-144,-518,-509]} 1. e4 e5 2. Nf3 Nc6 3. Bb5 a6 4. Ba4 Nf6 5. Qe2 b5 6. Bb3 Be7 7. a4 Rb8 8. axb5 axb5 9. O-O O-O 10. d3 {C86: Closed Ruy Lopez: Worrall Attack.} d6 11. c3 Be6 {[#]} 12. Bc2 $146 {White is slightly better.} ({Predecessor:} 12. Bxe6 fxe6 13. d4 exd4 14. cxd4 d5 15. exd5 Qxd5 16. Nc3 Nxd4 17. Nxd4 Qxd4 18. Qxe6+ Rf7 19. Be3 Qc4 {½-½ (19) Thorsteinsson,E (2063)-Kristinsson,J (2101) Reykjavik 2019}) 12... Ra8 13. Rxa8 Qxa8 14. Ng5 Bd7 15. f4 {[%cal Od3d4]} h6 16. Nf3 Re8 17. f5 (17. b4 $11) 17... d5 $15 18. Kh1 Bc5 (18... b4 $1 $17 19. exd5 Nxd5) 19. b4 Bb6 20. Qe1 (20. Na3 $11) 20... Qa7 (20... Qa2 $15 21. Qe2 Nd8) 21. Na3 $11 dxe4 22. dxe4 Nd8 23. Bd3 (23. Qg3 $5 {[%cal Rc1h6]} Be3 24. Nxe5 Bxc1 25. Nxd7 $11) 23... Ng4 $1 24. Bxb5 (24. Nxb5 $11 Bxb5 25. Bxb5) 24... c6 (24... Nf2+ $17 25. Rxf2 Bxf2) 25. Bc4 Nf2+ {[#]} 26. Rxf2 $1 Bxf2 27. Qd2 Bc8 28. Nxe5 $2 Bb6 $17 29. Nf3 Rxe4 30. f6 {[#]} (30. Bf1 $17) 30... Qd7 $2 (30... Bg4 $1 $19 {White must now prevent ...Ne6.} 31. h3 (31. fxg7 $2 Qe7 $19) 31... Bxf3 32. gxf3 Re5) 31. fxg7 (31. Bd3 $1 $11 Re3 32. Nd4 Bxd4 33. cxd4 Rxd3 34. Qxd3) 31... Qxd2 {The board is on fire.} 32. Bxd2 Kxg7 33. Bd3 Re8 34. c4 Bc7 35. Kg1 Ne6 {[%cal Oe6g5]} 36. Kf2 c5 37. Nb5 Bf4 {Hoping for ...Bxd2.} 38. Bc3+ f6 39. g3 Bb8 40. Nh4 Ng5 (40... Rd8 $5 {[%cal Rd8d3]} 41. Ke2 Be5 $15) 41. bxc5 Ne4+ 42. Kf3 (42. Bxe4 $11 Rxe4 43. Bd4) 42... Nxc5 ({Better is} 42... Bb7 $17 43. Bxe4 (43. Nf5+ $2 Kh8 $17) 43... Rxe4 44. Nf5+ Kg6) 43. Nf5+ $15 Bxf5 44. Bxf5 Be5 45. Bb4 Nb3 46. Kg4 (46. Be4 $15 {is superior.}) 46... Rb8 (46... Ra8 $17 {...Ra4 is the strong threat.} 47. Be6 Ra4) 47. Be1 {[#]} (47. Be4 $11 {remains equal.}) 47... Nd4 (47... Ra8 $1 $17 {And now ...Ra1 would win.} 48. Kh3 Ra2) 48. Nxd4 $11 Bxd4 49. Be6 (49. h4 $11 {keeps the balance.}) 49... Rb2 $17 {Strongly threatening ...Re2.} 50. h4 $2 {[%mdl 8192]} (50. Kf3 $17) 50... Re2 $1 {[%csl LRe1,LRe6] Weighted Error Value: White=0.52/Black=0.29 (precise)} 0-1

[Event "Irish New Year-IM 2022"]
[Site "Dublin"]
[Date "2022.01.05"]
[Round "6.10"]
[White "O`Donnell, Conor"]
[Black "Wall, Tim P"]
[Result "0-1"]
[WhiteElo "2310"]
[BlackElo "2256"]
[Annotator "TA"]
[PlyCount "78"]
[EventDate "2022.01.02"]
[EventType "tourn"]
[EventCountry "IRL"]
[SourceTitle "playchess.com"]
[Source "ChessBase"]
[SourceQuality "1"]

{[%evp 19,78,0,58,-29,-42,-32,-36,-26,-12,-94,-65,-67,4,0,0,-27,8,-9,-6,0,24,21,14,-18,6,-63,-62,-95,-95,-635,-87,-93,-39,-271,-276,-274,-268,-266,-255,-806,-809,-1252,-703,-689,-666,-645,-634,-29985,-29986,-29986,-2716,-29989,-29990,-29992,-29992,-29992,-29993,-29993,-29994,-29994,-29995]} 1. d4 f5 2. g3 Nf6 3. Bg2 g6 4. Nf3 Bg7 5. O-O O-O 6. c4 d6 {[%cal Bd7d6,Bd6e5,Be5e4][%mdl 32]} 7. Nc3 c6 8. b4 e5 9. dxe5 dxe5 10. Qb3 Qe8 {[#]} (10... a5 $11) 11. a4 $146 {A87: Dutch Defence: Leningrad System: 5 Nf3.} ({White should try} 11. e4 $1 $14) ({Predecessor:} 11. e4 f4 12. gxf4 exf4 13. Bb2 Ng4 14. Ne2 Bxb2 15. Qxb2 Nd7 16. Ned4 Nde5 17. h3 Nf6 18. c5 Nxf3+ 19. Nxf3 {1-0 (40) Pohjala,H (2408)-Zeidler,S (2141) Skopje 2015}) 11... e4 $11 12. Nd4 Qf7 13. Rd1 {Black is slightly better.} Nbd7 14. e3 (14. a5 $1 $11) 14... Ne5 $17 15. Bf1 Nf3+ (15... a5 $15) 16. Nxf3 $11 exf3 17. Bb2 Be6 18. a5 g5 {With the idea ...Rae8.} 19. Na4 $1 Ne4 20. Bxg7 Qxg7 21. Rd4 {Inhibits Nd2.} Nd2 22. Qd1 ({Better is} 22. Qd3 $11 Nxf1 23. Rxf1) 22... Nxf1 $15 {Black is much more active.} 23. Kxf1 f4 $1 24. Qxf3 {[%mdl 8192]} (24. exf4 $17 Rxf4 25. Rxf4 (25. gxf4 Bh3+ 26. Ke1 Re8+ 27. Re4 Rxe4+ 28. Kd2 Qd4+ 29. Kc2 Qxc4+ 30. Nc3 Re2+ 31. Qxe2 Bf5+ 32. Qe4 Bxe4+ 33. Kb2 Qxb4+ 34. Ka2 Qxc3 35. Rg1 Bc2 36. Rb1 Qc4+ 37. Ka1 Qa4+ 38. Kb2 Qb3+ 39. Kc1 Bxb1 40. Kd2 Qd3+ 41. Ke1 Qe2#) 25... gxf4 26. Kg1) 24... Bxc4+ $2 25. Kg1 $17 Bd5 (25... Rae8 $17 {White must now prevent ...fxe3.} 26. gxf4 Bd5) 26. Qg4 $2 ({White has to play} 26. Qe2 $15) 26... fxe3 $19 27. fxe3 Qe5 {[%cal Re5e3]} ({Weaker is} 27... Qf6 28. Qe2 $15) 28. Re1 {[#]} Rf3 $1 $40 {[%cal Bf8f3,Bf3f1,Bf1f2][%mdl 160] White is in trouble.} ({Stronger than} 28... Qf6 29. Qe2 $11) 29. Rd3 (29. Rxd5 Qxd5 30. Nc3) 29... Raf8 {Hoping for ...Be6.} 30. Nc3 Qf6 {( -> ...Rf1+)} 31. Nxd5 Rf1+ {[%mdl 64] Zwischenzug, Double Attack} 32. Kg2 cxd5 33. Red1 Rf2+ 34. Kh1 Qb2 (34... h5 $142 35. Qxh5 Rf1+ 36. Kg2 Qf2+ 37. Kh3 Qf5+ 38. Kg2 Rf2+ 39. Kg1 Rc2 40. R3d2 Rxd2 41. Qxg5+ Qxg5 42. Rxd2 Qxe3+ 43. Kg2 Qf3+ 44. Kh3 Rf5 45. Rd4 Rh5+ 46. Rh4 Qf1+ 47. Kg4 Qf5#) 35. Qh3 Qe2 {Black mates.} 36. Qe6+ R8f7 37. Qe8+ {[#]} Kg7 $1 38. Qe5+ Kg6 39. Qe6+ R7f6 {Weighted Error Value: White=1.10/Black=0.58} 0-1

[Event "Irish New Year-IM 2022"]
[Site "Dublin"]
[Date "2022.01.05"]
[Round "7.6"]
[White "Wall, Tim P"]
[Black "Baker, Chris W"]
[Result "1/2-1/2"]
[WhiteElo "2256"]
[BlackElo "2227"]
[Annotator "ChessBase"]
[PlyCount "80"]
[EventDate "2022.01.02"]
[EventType "tourn"]
[EventCountry "IRL"]
[SourceTitle "playchess.com"]
[Source "ChessBase"]
[SourceQuality "1"]
[TimeControl "5400+30"]

1. e4 {[%emt 0:01:45]} c5 {[%emt 0:02:04]} 2. Nf3 {[%emt 0:00:48]} d6 {[%emt 0:02:34]} 3. c3 {[%emt 0:03:30]} Nf6 {[%emt 0:01:19]} 4. Be2 {[%emt 0:00:11]} e6 {[%emt 0:02:11]} 5. O-O {[%emt 0:00:39]} Be7 {[%emt 0:01:13]} 6. Re1 {[%emt 0:00:43]} O-O {[%emt 0:01:21]} 7. Bf1 {[%emt 0:00:41]} Nc6 {[%emt 0:02:03]} 8. d4 {[%emt 0:00:55]} d5 {[%emt 0:03:01]} 9. e5 {[%emt 0:03:07]} Ne4 {[%emt 0:01:15]} 10. Nbd2 {[%emt 0:01:43]} f5 {[%emt 0:06:41]} 11. exf6 {[%emt 0:06:10]} Nxf6 {[%emt 0:02:59]} 12. Bd3 {[%emt 0:00:32]} cxd4 {[%emt 0:00:53]} 13. cxd4 {[%emt 0:00:10]} Bd6 {[%emt 0:01:42]} 14. Nb3 {[%emt 0:06:28]} Qc7 {[%emt 0:12:33]} 15. Qe2 {[%emt 0:02:48]} Bd7 {[%emt 0:10:05]} 16. Ne5 {[%emt 0:05:22]} Rae8 {[%emt 0:06:52]} 17. Bg5 {[%emt 0:03:07]} Bc8 {[%emt 0:08:00]} 18. Rac1 {[%emt 0:02:01]} a6 {[%emt 0:04:33]} 19. a3 {[%emt 0:20:08]} Bxe5 {[%emt 0:06:25]} 20. dxe5 {[%emt 0:02:16]} Ne4 {[%emt 0:00:27]} 21. Bxe4 {[%emt 0:08:29]} dxe4 {[%emt 0:01:12]} 22. Qxe4 {[%emt 0:01:19]} Rf5 {[%emt 0:00:29]} 23. Be3 {[%emt 0:17:00]} Qxe5 {[%emt 0:01:13]} 24. Qc2 {[%emt 0:01:48]} Rh5 {[%emt 0:05:21]} 25. h3 {[%emt 0:01:02]} Qf5 {[%emt 0:00:20]} 26. Qe2 {[%emt 0:03:49]} Qb5 {[%emt 0:01:42]} 27. Nc5 {[%emt 0:01:11]} Qxe2 {[%emt 0:00:58]} 28. Rxe2 {[%emt 0:00:04]} a5 {[%emt 0:00:54]} 29. Ne4 {[%emt 0:02:02]} Rd5 {[%emt 0:00:33]} 30. Bc5 {[%emt 0:01:00]} Red8 {[%emt 0:01:05]} 31. Rc3 {[%emt 0:01:18]} e5 {[%emt 0:01:39]} 32. Rg3 {[%emt 0:01:29]} Rd1+ {[%emt 0:00:33]} 33. Kh2 {[%emt 0:00:05]} Bf5 {[%emt 0:00:20]} 34. Nf6+ {[%emt 0:01:06]} Kf7 {[%emt 0:00:31]} 35. Ng4 {[%emt 0:00:07]} Bxg4 {[%emt 0:01:53]} 36. Rxg4 {[%emt 0:00:08]} R8d2 {[%emt 0:01:10]} 37. Rge4 {[%emt 0:00:11]} Kf6 {[%emt 0:02:21]} 38. f4 {[%emt 0:01:13]} Rxe2 {[%emt 0:00:56]} 39. fxe5+ {[%emt 0:00:08]} Nxe5 {[%emt 0:00:09]} 40. Rxe2 {[%emt 0:00:06]} Nc4 {[%emt 0:00:48]} 1/2-1/2

[Event "Irish New Year-IM 2022"]
[Site "Dublin"]
[Date "2022.01.05"]
[Round "7.7"]
[White "Mannion, Stephen R"]
[Black "O`Donnell, Conor"]
[Result "1/2-1/2"]
[WhiteElo "2267"]
[BlackElo "2310"]
[Annotator "NA"]
[PlyCount "44"]
[EventDate "2022.01.02"]
[EventType "tourn"]
[EventCountry "IRL"]
[SourceTitle "playchess.com"]
[Source "ChessBase"]
[SourceQuality "1"]
[TimeControl "5400+30"]

1. e4 {[%emt 0:00:02]} e6 {[%emt 0:00:05]} 2. d4 {[%emt 0:00:09]} d5 {[%emt 0:00:06]} 3. Nd2 {[%emt 0:00:11]} c5 {[%emt 0:00:05]} 4. exd5 {[%emt 0:00:13]} Qxd5 {[%emt 0:00:20]} 5. dxc5 {[%emt 0:00:10]} Qxc5 {[%emt 0:00:09]} 6. Ngf3 {[%emt 0:00:18]} Nf6 {[%emt 0:00:16]} 7. Bd3 {[%emt 0:01:35]} Be7 {[%emt 0:00:07]} 8. O-O {[%emt 0:00:24]} O-O {[%emt 0:00:07]} 9. Re1 {[%emt 0:07:33]} Nbd7 {[%emt 0:02:24]} 10. Qe2 {[%emt 0:07:14]} b6 {[%emt 0:15:25]} 11. Ne4 {[%emt 0:02:38]} Qc7 {[%emt 0:01:51]} 12. Bg5 {[%emt 0:02:41]} Bb7 {[%emt 0:01:23]} 13. Nxf6+ {[%emt 0:01:29]} Nxf6 {[%emt 0:07:33]} 14. Ne5 $11 {[%emt 0:00:59]} Rad8 {[%emt 0:07:43]} 15. Bh4 {[%emt 0:02:54]} Ba8 {[%emt 0:04:02]} 16. Bg3 {[%emt 0:23:18]} Qb7 {[%emt 0:56:54]} 17. Qf1 {[%emt 0:47:12]} Nh5 {[%emt 0:00:30]} 18. Ba6 {[%emt 0:00:30]} Qc7 {[%emt 0:00:30]} 19. Bd3 {[%emt 0:00:30]} Nf6 {[%emt 0:00:30]} 20. Qe2 Qb7 21. f4 {[%emt 0:01:00]} Rd4 {[%emt 0:01:00]} 22. c3 {[%emt 0:00:00]} Rdd8 {[%emt 0:00:00]} 1/2-1/2

[Event "Irish New Year-IM 2022"]
[Site "Dublin"]
[Date "2022.01.05"]
[Round "7.9"]
[White "Carroll, Peter"]
[Black "Urh, Zala"]
[Result "0-1"]
[WhiteElo "2139"]
[BlackElo "2291"]
[Annotator "NA"]
[PlyCount "47"]
[EventDate "2022.01.02"]
[EventType "tourn"]
[EventCountry "IRL"]
[SourceTitle "playchess.com"]
[Source "ChessBase"]
[SourceQuality "1"]
[TimeControl "5400+30"]

1. e4 {[%emt 0:00:06]} c6 {[%emt 0:08:38]} 2. Nf3 {[%emt 0:04:09]} d5 {[%emt 0:00:50]} 3. d3 {[%emt 0:00:06]} Bg4 {[%emt 0:08:25]} 4. Be2 {[%emt 0:03:23]} e6 {[%emt 0:05:21]} 5. h3 {[%emt 0:00:12]} Bh5 {[%emt 0:01:23]} 6. Nbd2 {[%emt 0:00:27]} Nf6 {[%emt 0:00:53]} 7. O-O {[%emt 0:01:08]} Be7 {[%emt 0:01:00]} 8. Re1 {[%emt 0:03:40]} O-O {[%emt 0:01:06]} 9. c3 {[%emt 0:00:06]} c5 {[%emt 0:01:42]} 10. exd5 {[%emt 0:02:04]} Nxd5 {[%emt 0:03:29]} 11. Ne4 {[%emt 0:01:07]} Nc6 $11 {[%emt 0:03:36]} 12. d4 {[%emt 0:14:37]} Bxf3 {[%emt 0:14:23]} 13. Bxf3 {[%emt 0:00:05]} cxd4 {[%emt 0:00:09]} 14. cxd4 {[%emt 0:00:12]} Bb4 {[%emt 0:00:42]} 15. Re2 {[%emt 0:01:14]} Qb6 {[%emt 0:00:22]} 16. a3 {[%emt 0:02:07]} Be7 {[%emt 0:01:36]} 17. Be3 {[%emt 0:01:19]} Rfd8 {[%emt 0:07:02]} 18. Nc3 {[%emt 0:05:10]} Nxe3 {[%emt 0:01:45]} 19. fxe3 {[%emt 0:00:06]} Nxd4 {[%emt 0:05:04]} 20. exd4 {[%emt 0:07:53]} Rxd4 {[%emt 0:00:14]} 21. Kh1 {[%emt 0:00:22]} Rxd1+ {[%emt 0:00:23]} 22. Rxd1 {[%emt 0:00:03]} Rd8 {[%emt 0:04:01]} 23. Red2 {[%emt 0:00:07]} Rxd2 {[%emt 0:00:45]} 24. Rxd2 {[%emt 0:00:01]} 0-1